Introduction to biomedical engineering / (Record no. 779)
[ view plain ]
| 000 -LEADER | |
|---|---|
| fixed length control field | 01747nac a22003011u 4500 |
| 010 ## - LIBRARY OF CONGRESS CONTROL NUMBER | |
| LC control number | 2004030223 |
| 020 ## - INTERNATIONAL STANDARD BOOK NUMBER | |
| International Standard Book Number | 0122386620 (alk. paper) |
| 035 ## - SYSTEM CONTROL NUMBER | |
| System control number | (DNLM)101236663 |
| 082 00 - DEWEY DECIMAL CLASSIFICATION NUMBER | |
| Classification number | 610.28 |
| Item number | E5657 |
| 090 ## - LOCALLY ASSIGNED LC-TYPE CALL NUMBER (OCLC); LOCAL CALL NUMBER (OCLC) | |
| -- | 779 |
| -- | 779 |
| 100 ## - MAIN ENTRY--PERSONAL NAME | |
| Personal name | 20080729 |
| 245 00 - TITLE STATEMENT | |
| Title | Introduction to biomedical engineering / |
| Statement of responsibility, etc | [editors] John D. Enderle, Susan M. Blanchard, and Joseph D. Bronzino. |
| 250 ## - EDITION STATEMENT | |
| Edition statement | 2nd ed. |
| 260 ## - PUBLICATION, DISTRIBUTION, ETC. (IMPRINT) | |
| Place of publication, distribution, etc | Amsterdam ; |
| -- | Boston : |
| Name of publisher, distributor, etc | Elsevier Academic Press,2005 |
| Date of publication, distribution, etc | 2005. |
| 300 ## - PHYSICAL DESCRIPTION | |
| Extent | xxi, 1118 p. : |
| Other physical details | ill. ; |
| Dimensions | 24 cm. |
| 440 #0 - | |
| -- | Academic Press series in biomedical engineering |
| 504 ## - BIBLIOGRAPHY, ETC. NOTE | |
| Bibliography, etc | Includes bibliographical references and index. |
| 505 0# - FORMATTED CONTENTS NOTE | |
| Formatted contents note | Biomedical engineering: an historical perspective -- Moral and ethical issues -- Anatomy and physiology -- Biomechanics -- Rehabilitation engineering and assistive technology -- Biomaterials -- Tissue engineering -- Bioinstrumentation -- Biomedical sensors -- Biosignal processing -- Bioelectric phenomena -- Physiological modeling and compartmental analysis -- Genomics and bioinformatics -- Computational biology and complexity -- Radiation imaging -- Medical imaging -- Biomedical optics and lasers. |
| 650 #0 - SUBJECT ADDED ENTRY--TOPICAL TERM | |
| Topical term or geographic name as entry element | Biomedical engineering. |
| 650 #0 - SUBJECT ADDED ENTRY--TOPICAL TERM | |
| Topical term or geographic name as entry element | Biomedical Engineering. |
| 700 1# - ADDED ENTRY--PERSONAL NAME | |
| Personal name | Enderle, John D. |
| Fuller form of name | (John Denis) |
| 700 1# - ADDED ENTRY--PERSONAL NAME | |
| Personal name | Bronzino, Joseph D., |
| Dates associated with a name | 1937- |
| 700 1# - ADDED ENTRY--PERSONAL NAME | |
| Personal name | Blanchard, Susan M. |
| 856 41 - ELECTRONIC LOCATION AND ACCESS | |
| Materials specified | Table of contents only |
| Uniform Resource Identifier | <a href="http://www.loc.gov/catdir/toc/ecip055/2004030223.html">http://www.loc.gov/catdir/toc/ecip055/2004030223.html</a> |
| 856 41 - ELECTRONIC LOCATION AND ACCESS | |
| Materials specified | Publisher description |
| Uniform Resource Identifier | <a href="http://www.loc.gov/catdir/enhancements/fy0617/2004030223-d.html">http://www.loc.gov/catdir/enhancements/fy0617/2004030223-d.html</a> |
| 942 ## - ADDED ENTRY ELEMENTS (KOHA) | |
| Item type | Book - Borrowing |
| Call number prefix | 610.28E5657 |
| Withdrawn status | Item status | Source of classification or shelving scheme | Damaged status | Not for loan | Vendor | Home library | Current library | Shelving location | Date acquired | Source of acquisition | Cost, normal purchase price | Total Checkouts | Total Renewals | Full call number | Barcode | Date last seen | Date last borrowed | Cost, replacement price | Koha item type |
|---|---|---|---|---|---|---|---|---|---|---|---|---|---|---|---|---|---|---|---|
| Dewey Decimal Classification | Central Library | Central Library | First floor | 27/07/2006 | 600.00 | 1 | 29 | 610.28 INT | 000003804 | 15/07/2025 | 21/10/2014 | 750.00 | Book - Borrowing |